000 00478nam a2200205Ia 4500
003 OSt
005 20260210120225.0
008 250729s1995 xx 000 0 und d
020 _a978-8187326878
040 _cAL
041 _aeng
082 _a100 KRIK
100 _aKrishnamurti
_9228710
245 _aKrishnamurti on education
260 _aMadras
_c1995
300 _a189p
650 _aPhilosophy
_9228711
700 _aKro Digumurthi
_9228712
942 _2ddc
_cBED
999 _c238088
_d238088